La pensée grecque et les origines de l'esprit scientifique / (Record no. 131178)

MARC details
000 -LEADER
campo de control de longitud fija 00748nam a2200229 4500
001 - NÚMERO DE CONTROL
campo de control 131178
003 - IDENTIFICADOR DE NÚMERO DE CONTROL
campo de control ES-MaACL
005 - FECHA Y HORA DE LA ÚLTIMA TRANSACCIÓN
campo de control 20250804044437.0
007 - CAMPO FIJO DE DESCRIPCIÓN FÍSICA--INFORMACIÓN GENERAL
campo de control de longitud fija t|
008 - DATOS DE LONGITUD FIJA--INFORMACIÓN GENERAL
campo de control de longitud fija 070214s1973 fr r ||||1| fre d
080 ## - NÚMERO DE LA CLASIFICACIÓN DECIMAL UNIVERSAL
Número de la Clasificación Decimal Universal 1(38)
100 1# - ENTRADA PRINCIPAL--NOMBRE DE PERSONA
Nombre de persona Robin, Léon.
9 (RLIN) 97872
245 13 - MENCIÓN DEL TÍTULO
Título La pensée grecque et les origines de l'esprit scientifique /
Mención de responsabilidad, etc. Léon Robin.
260 ## - PUBLICACIÓN, DISTRIBUCIÓN, ETC.
Lugar de publicación, distribución, etc. Paris :
Nombre del editor, distribuidor, etc. Albin Michel,
Fecha de publicación, distribución, etc. 1973.
300 ## - DESCRIPCIÓN FÍSICA
Extensión 529 p. ;
Dimensiones 18 cm.
490 1# - MENCIÓN DE SERIE
Mención de serie L'évolution de l'humanité ;
Designación de volumen o secuencia 35
650 #7 - PUNTO DE ACCESO ADICIONAL DE MATERIA--TÉRMINO DE MATERIA
Término de materia o nombre geográfico como elemento de entrada Filosofía griega
Fuente del encabezamiento o término embne
9 (RLIN) 12849
830 0# - PUNTO DE ACCESO ADICIONAL DE SERIE-TÍTULO UNIFORME
Título uniforme L'évolution de l'humanité ;
Designación de volumen o secuencia 35
9 (RLIN) 181507
852 4# - LOCALIZACIÓN
Ubicación ES-MaACL
Número de control de estantería E-5452
itemnumber R.89821
852 4# - LOCALIZACIÓN
Ubicación ES-MaACL
Número de control de estantería E-12901
itemnumber R.139399
Nota libre . - Biblioteca Jacinto Martínez Lacalle
Holdings
Estatus retirado Estado de pérdida Estado de daño No para préstamo Biblioteca de origen Biblioteca actual Ubicación en estantería Fecha de adquisición Fuente de adquisición Total de préstamos Signatura topográfica completa Código de barras Visto por última vez Precio de reemplazo Tipo de ítem Koha
        Biblioteca del Ateneo de Madrid Biblioteca del Ateneo de Madrid Depósito 2 30/07/2009     E-12901 1181152 23/02/2023 23/02/2023 Libro impreso
        Biblioteca del Ateneo de Madrid Biblioteca del Ateneo de Madrid Depósito 2 17/01/2008     E-5452 1136569 23/02/2023 23/02/2023 Libro impreso